Un curso de números /

Contenido: 1) Divisibilidad; 2) Números primos; 3) Congruencias; 4) La reciprocidad de Gauss; 5) Suma de cuadrados; 6) Funciones multiplicativas y números perfectos; 7) DFU, DIP, DE, Los enteros de Gauss.

Uloženo v:
Podrobná bibliografie
Hlavní autor: Navarro, Gabriel (autor)
Médium: Kniha
Jazyk:španělština
Vydáno: Valencia, España : Universidad de Valencia, 2007, c2007
Edice:(Educació. Materials ; 97)
Témata:
Tagy: Přidat tag
Žádné tagy, Buďte první, kdo vytvoří štítek k tomuto záznamu!

MARC

LEADER 00000nam^a2200000^a^4500
001 000265914
005 20250521000000.0
009 20260310110732.706
020 |a 84-370-6647-6 
037 |a Acervo ITESO - Biblioteca 
041 |a ESP 
082 |a 512. 7  |b NAV 
100 |a Navarro, Gabriel  |e (autor) 
245 1 3 |a Un curso de números /  |c G. Navarro. 
264 4 |a Valencia, España :  |b Universidad de Valencia,  |c 2007, c2007 
300 |a 118 p. 
336 |a texto  |b txt  |2 rdacontenido 
337 |a sin mediación  |b n  |2 rdamedio 
338 |a volumen  |b nc  |2 rdasoporte 
440 1 |a (Educació.  |p Materials ;  |v 97) 
520 |a Contenido: 1) Divisibilidad; 2) Números primos; 3) Congruencias; 4) La reciprocidad de Gauss; 5) Suma de cuadrados; 6) Funciones multiplicativas y números perfectos; 7) DFU, DIP, DE, Los enteros de Gauss. 
649 |a XX 
650 |a Números Primos 
650 |a Residuos (Matemáticas) 
650 |a Teoría de Números -  |x Tema Principal 
650 |a Algebra 
650 |a Matemáticas 
910 |a Fondo General 
920 |a Impresos - Libros 
930 |a Colección General 
905 |a 101 
901 |a 0500148663  |b IT1  |c ACC  |u 20250521 
902 |a https://opac.biblio.iteso.mx/vufind/Record/000265914